| 000 | 00529nam a22002057a 4500 | ||
|---|---|---|---|
| 003 | BUBTL | ||
| 008 | 161217b xxu||||| |||| 00| 0 eng d | ||
| 082 | _a677.13HAJ | ||
| 100 |
_9979 _aHafizuddin Ahmed |
||
| 245 | _aJute Spinning | ||
| 250 | _a1st | ||
| 260 |
_aDhaka _bBegum Fatima Ahmed _cc1967 |
||
| 300 |
_a[viii],179p. _c21.5cm. |
||
| 650 | 0 |
_9981 _aTextile Engineering |
|
| 700 |
_9980 _aHafizuddin Ahmed |
||
| 760 | _b1st | ||
| 856 |
_k0 _l0 _yDownload |
||
| 942 |
_2ddc _cBK |
||
| 999 |
_c5403 _d5403 |
||